Govt. of
Madhya Pradesh

In The Presence of Sai Baba (Record no. 42859)

MARC details
000 -LEADER
fixed length control field 003510000a22001330004500
003 - CONTROL NUMBER IDENTIFIER
control field MACL
040 ## - CATALOGING SOURCE
Original cataloging agency MACL
090 ## - LOCALLY ASSIGNED LC-TYPE CALL NUMBER (OCLC); LOCAL CALL NUMBER (RLIN)
-- 43314
-- 43312
100 ## - MAIN ENTRY--PERSONAL NAME
Personal name Srinivas, Smriti
245 ## - TITLE STATEMENT
Title In The Presence of Sai Baba
Remainder of title Body City and Memory in a Global Religious Movement
260 ## - PUBLICATION, DISTRIBUTION, ETC. (IMPRINT)
Name of publisher, distributor, etc. Orient Longmans Ltd
Date of publication, distribution, etc. 2008
650 ## - SUBJECT ADDED ENTRY--TOPICAL TERM
Topical term or geographic name as entry element Religion
942 ## - ADDED ENTRY ELEMENTS (KOHA)
Koha item type Library Membar
Call number prefix 294.5/SRI
Holdings
Withdrawn status Lost status Source of classification or shelving scheme Damaged status Not for loan Home library Current library Date acquired Total Checkouts Full call number Barcode Date last seen Uniform Resource Identifier Price effective from Koha item type
          MACL MACL 15/04/2015   294.5/SRI CRE024441 02/05/2024 43137 15/04/2015 Books